| 000 | 00780nam a22001217a 4500 | ||
|---|---|---|---|
| 040 | _cRUA | ||
| 082 | _aLMA NAL 2025 B701 Or.1 | ||
| 100 | _aNAL PHANET, ណាល់ ផានិត | ||
| 245 | _aStudy on land use plans that supports the delelopment of road infrastrue in tromoungcommune, memot district, tbong khmum, province, សិក្សាអំពីផែនការប្រើប្រាស់ដីធ្លីដែលគាំទ្រលើការរៀបចំហេដ្ឋារចនាសម្ព័ន្ធផ្លូវថ្នល់ នៅក្នុងឃុំត្រមូន ស្រុកមេមត់ ខេត្តត្បូងឃ្មុំ | ||
| 260 |
_aPHNOM PENH _bRUA _c2025 |
||
| 300 |
_axii,44p. _bill. _c29cm. |
||
| 942 | _cLMA | ||
| 999 |
_c25763 _d25763 |
||